| 000 | 00847nam a2200301Ia 4500 | ||
|---|---|---|---|
| 001 | 2070 | ||
| 003 | IT-RoPAU | ||
| 008 | 130308s9999 xx 000 0 und d | ||
| 040 | _aIT-RoPAU | ||
| 040 | _cIT-RoPAU | ||
| 041 | _aFRANCESE | ||
| 100 | _aDines Johansen Jorgen | ||
| 100 | _gCodice Aut. SPICS: 10283 | ||
| 245 | _aConfrontations semiologiques au Danemark (Les) | ||
| 245 | _bChamp semiologique (Le) | ||
| 250 | _a1a ed. | ||
| 260 | _aBRUXELLES | ||
| 260 | _bComplexe | ||
| 260 | _c1979 [1° Ed.:1979 - Ed.Ling.Originale:1979] | ||
| 300 | _a"37 p. (prefazione: no ; testo: 37)" | ||
| 500 | _aConfronti semiologici in Danimarca Situazione Storica Costellazione e ripartizione Semiologica | ||
| 650 | _aSEMIOLOGIA | ||
| 650 | _eCodice materia Spics: 3251 | ||
| 942 | _cBK | ||
| 957 | _71 | ||
| 999 |
_c40607 _d40607 |
||
| 999 | _bSI | ||
| 999 | _g1 | ||